Storm warning. (Record no. 6201)

000 -LEADER
fixed length control field 00871nam a2200229 a 4500
001 - CONTROL NUMBER
control field :::00003944$&:&@@
003 - CONTROL NUMBER IDENTIFIER
control field OkBaRHE
005 - DATE AND TIME OF LATEST TRANSACTION
control field 20100401131218.0
008 - FIXED-LENGTH DATA ELEMENTS--GENERAL INFORMATION
fixed length control field s1992 j 000 0 eng u
040 ## - CATALOGING SOURCE
Transcribing agency
100 1# - MAIN ENTRY--PERSONAL NAME
Personal name Graham, Billy, 1918-
245 10 - TITLE STATEMENT
Title Storm warning.
250 ## - EDITION STATEMENT
Edition statement Rev. ed of:Approaching hoofbeats, c1983.
260 ## - PUBLICATION, DISTRIBUTION, ETC. (IMPRINT)
Place of publication, distribution, etc Dallas, TX.,
Name of publisher, distributor, etc Word Publishing
Date of publication, distribution, etc 1992
300 ## - PHYSICAL DESCRIPTION
Extent 332 p. ;
Dimensions 18 cm.
650 ## - SUBJECT ADDED ENTRY--TOPICAL TERM
Topical term or geographic name as entry element Eschatology.
650 ## - SUBJECT ADDED ENTRY--TOPICAL TERM
Topical term or geographic name as entry element Four Horsemen of the Apocalypse.
942 ## - ADDED ENTRY ELEMENTS (KOHA)
Source of classification or shelving scheme
Koha item type Books
Copies
Permanent Location Lost status Withdrawn status Price effective from Source of classification or shelving scheme Not for loan Full call number Date last seen Shelving location Copy number Koha item type Date acquired Damaged status Barcode
RHEMA Bible Training College  2010-04-14  BS 2825.2 .G734 19922018-04-03General Stacks1Books2010-04-14 3944
RHEMA Bible Training College  2010-04-14  BS 2825.2 .G734 19922018-04-03General Stacks2Books2010-04-14 15897
RHEMA Bible Training College  2010-04-14  BS 2825.2 .G734 19922018-04-03General Stacks3Books2010-04-14 18565